Álgebra lineal y programación lineal (Registro nro. 8177)
[ vista simple ]
| 000 -LEADER | |
|---|---|
| fixed length control field | 01320 a2200217 4500 |
| 001 - CONTROL NUMBER | |
| control field | 63425 |
| 005 - DATE AND TIME OF LATEST TRANSACTION | |
| control field | 20260407155932.0 |
| 008 - FIXED-LENGTH DATA ELEMENTS--GENERAL INFORMATION | |
| fixed length control field | 260407a1967 arg spa d |
| 003 - CONTROL NUMBER IDENTIFIER | |
| control field | AR-UNSa-BCEJYS |
| 040 ## - CATALOGING SOURCE | |
| Original cataloging agency | AR-UNSa-BCEJYS |
| Language of cataloging | spa |
| Transcribing agency | AR-UNSa-BCEJYS |
| 080 ## - UNIVERSAL DECIMAL CLASSIFICATION NUMBER | |
| Universal Decimal Classification number | 512.64 |
| Common auxiliary subdivision | Algebra lineal y multilineal |
| 041 ## - LANGUAGE CODE | |
| Language code of text/sound track or separate title | spa |
| 100 1# - MAIN ENTRY--PERSONAL NAME | |
| Personal name | Acher, Jean |
| 245 10 - TITLE STATEMENT | |
| Title | Álgebra lineal y programación lineal |
| 264 #1 - PRODUCTION, PUBLICATION, DISTRIBUTION, MANUFACTURE, AND COPYRIGHT NOTICE | |
| Place of production, publication, distribution, manufacture | Barcelona : |
| Name of producer, publisher, distributor, manufacturer | Montaner y Simón |
| Date of production, publication, distribution, manufacture, or copyright notice | 1967 |
| 300 ## - PHYSICAL DESCRIPTION | |
| Extent | xiii, 271 p. |
| Dimensions | 24 cm. |
| 505 ## - FORMATTED CONTENTS NOTE | |
| Formatted contents note | 1. Conjuntos - 2. Correspondencia. Aplicación. Leyes de composición - 3. Espacios vectoriales - 4. Aplicaciones lineales. Noción de matriz - 5. Determinantes - 6. Ecuaciones lineales - 7. Matrices. Elementos de cálculo matricial - 8. Cambio de base. Matrices equivalentes, semejantes. Rango de una matriz - 9. Valores propios, vectores propios. Diagonalización de las matrices cuadradas - 10. Reducción de las matrices cuadradas - 11. Algunos resultados sobrelas formas cuadráticas - 12. Resolución de los sistemas de ecuacones lineales - 13. Programación lineal - 14. Método del simplex - 15. Dualidad - 16. Interpretación geométrica y económica de los programas lineales - 17. Problema de transporte - |
| 590 ## - LOCAL NOTE (RLIN) | |
| Local note | niveau_biblio:m niveau_hierar:0 |
| 700 1# - ADDED ENTRY--PERSONAL NAME | |
| Personal name | Lanuza Escobar, José A. |
| 942 ## - ADDED ENTRY ELEMENTS (KOHA) | |
| Koha item type | |
| Withdrawn status | Lost status | Damaged status | Not for loan | Home library | Current library | Shelving location | Date acquired | Total checkouts | Full call number | Barcode | Date last seen | Price effective from | Koha item type |
|---|---|---|---|---|---|---|---|---|---|---|---|---|---|
| Biblioteca Prof. Eusebio Cleto del Rey | Biblioteca Prof. Eusebio Cleto del Rey | 07/04/2026 | 512.64 A177 | L24557 | 07/04/2026 | 07/04/2026 | Libro | ||||||
| Biblioteca Prof. Eusebio Cleto del Rey | Biblioteca Prof. Eusebio Cleto del Rey | 07/04/2026 | 512.64 A177 | L24558 | 07/04/2026 | 07/04/2026 | Libro |